Amici della sincron: alleniamoci a mantenere l'equilibrio
Saved in:
| Main Authors: | , |
|---|---|
| Format: | Book |
| Language: | Italian |
| Published: |
Roma
Edizione Fuori Commercio
1992
|
| Subjects: | |
| Tags: |
Add Tag
No Tags, Be the first to tag this record!
|
MARC
| LEADER | 00000nam a2200000 a 4500 | ||
|---|---|---|---|
| 001 | UCV9497 | ||
| 003 | CL-VaPUC | ||
| 008 | 921029e19920000IT |||||||||||||||||ita|d | ||
| 082 | 0 | 4 | |a 743.9 |b MUN |2 21 |
| 100 | |a Munari, Bruno |e autore |9 611609 | ||
| 700 | 0 | |a Nizzi, Armando |e author |9 303502 | |
| 245 | 1 | 0 | |a Amici della sincron: alleniamoci a mantenere l'equilibrio |
| 300 | |a 113 p | ||
| 942 | |c BK | ||
| 945 | |d 19921029 00:00:00 | ||
| 260 | |a Roma |b Edizione Fuori Commercio |c 1992 | ||
| 650 | 0 | |a Dibujo |9 260181 | |
| 583 | |a last modification |c 20120524 12:30:12 |k Rodrigo Vera | ||
| 999 | |c 214821 |d 214819 | ||
| 952 | |0 0 |1 0 |4 0 |6 743_900000000000000_MUN_1992 |7 0 |8 A |9 198574 |a BIBARQ |b BIBARQ |d 2019-11-14 |i 2660148 |l 1 |o 743.9 MUN 1992 |p 2660148 |r 2025-01-20 |s 2023-04-17 |w 2019-11-14 |y BK |k ARQ | ||